000 00708nam a2200265Ia 4500
005 20250425160817.0
008 250425s9999 xx 000 0 und d
020 _a0121691608
041 _aeng
082 _a664.07
100 _aCHARALAMBOUS, GEORGE
245 0 _aANALYSIS OF FOODS AND BEVERAGES: MODERN TECHNIQUES
250 _aS.E.
260 _aEstados Unidos
_bACADEMIA PRESS
_c1984
260 _aORLANDO
300 _a652
500 _aFood science and technology. Consultar 25221 en CIBT
650 _aANALISIS DE ALIMENTOS
650 _aAROMATIZANTES
650 _aBEBIDAS
650 _aCROMATOGRAFIA DE GASES
650 _aEVALUACION SENSORIAL
942 _c01
010 _a5835
999 _c196597
_d196597